000 00447nam a22001457a 4500
008 160709b xxu||||| |||| 00| 0 eng d
020 _a9712710254
082 _22000
_aDFil 899.2111
_bL11
100 _911091
_aLacaba, Jose F.
245 _aEdad medya:
_bmga tula sa katanghaliang gulang/
_cJose F. Lacaba
260 _aPasig City:
_bAnvil Publishing,
_cc2000.
300 _a103 pages:
_c21 cm.
650 0 _911092
_aFilipino poetry
942 _2ddc
_cDFIL
999 _c3328
_d3328